000 00582nam a22002057a 4500
005 20141010045453.0
008 141010b xxu||||| |||| 00| 0 eng d
020 _a9780133679571
024 0 _aeng
080 _a930.9
100 _aEllis Gaynor Elisabeth;
245 _aWorld/
_cElisabeth Gaynor Ellis; Anthony Esler;
250 _a1 st.ed.;
260 _aUnited States of America,
_bPerson Prentice Hall,
_c2009
300 _a1254 f.:
_bme il.;
_c28 cm,
500 _aIndex f.1209-1245
650 _aHistoria Botërore
700 _aEsler Anthoney,
942 _2udc
_cBK
999 _c519
_d519